| 000 | 00000nam##2200000za#4500 |
| 001 | 9.538637 |
| 003 | CaOODSP |
| 005 | 20200327021458 |
| 007 | ta |
| 008 | 150406|2003||||xxc||||| f|0| 0 fre|d |
| 022 | |a0706-6457 |
| 040 | |aCaOODSP|bfre |
| 041 | |aeng |
| 041 | |afre |
| 043 | |an-cn--- |
| 086 | 1 |aFs97-6/2463 |
| 110 | 1 |aCanada. |bMinistère des pêches et des océans. |
| 245 | 10|aAtelier national des sciences 2002, Pêches et Océans Canada, Burlington (Ontario) / |cÉditeurs, R.G. Randall et al. |
| 260 | |aOttawa - Ontario : |bPêches et Océans Canada |c2003. |
| 300 | |axiii, 234p. : |bfigures, références, tableaux ; |c28 cm. |
| 490 | 1 |aRapport technique canadien des sciences halieutiques et aquatiques|x0706-6457|v2463 |
| 500 | |aSur la page de titre: Pêches et Océans Canada, Institut Bayfield, 867, chemin Lakeshore, Burlington (Ontario) L7R 4A6, Pêches et Océans Canada, Région du Golfe, 343, rue de l'Université, Moncton (Nouveau-Brunswick) E1C 9B6, Pêches et Océans Canada, Institut océanographique de Bedford, 1, promenade Challenger, Dartmouth (Nouvelle-Écosse) B2Y 4A2, Pêches et Océans Canada, Région de la capitale nationale, 200, rue Kent, Ottawa (Ontario) K1A 0E6. |
| 563 | |aReliure à spirale |
| 590 | |a03-31|b2003-08-01 |
| 691 | 07|aÉchantillon|2gcpds |
| 691 | 07|aPoisson|2gcpds |
| 776 | 0#|tNational Science Workshop 2002, Fisheries and Oceans, Canada, Burlington, Ontario / |w(CaOODSP)9.588177 |
| 791 | |tNational Science Workshop 2002, Fisheries and Oceans Canada, Burlington, Ontario / |eeng|w(CaOODSP)9.538636 |
| 830 | #0|aRapport technique canadien des sciences halieutiques et aquatiques,|x0706-6457|v2463|w(CaOODSP)9.514690 |